00687nam a22002057a 450000500170000001000150001702000270003203500140005903700090007308200100008210000250009224500360011725000060015326000410015927000550020030000250025594200240028099900190030495201580032320250402141940.0 aENG-144457 a9789395401012c1595.00 aEN-127989 bDBAD a591.5 aVishwas, Atri980112 aAnimal Behaviour/cAtri Vishwas a1 aNew Delhi bRajat Publicationsc2024 a4740/23, Ansari Road, DaryaganbNew Delhi e110002 axii, 288p.c24cm(Hb) 2ddccENmVISh591.5 c210657d210657 001040708NFICaZLSbZLSd2025-04-02eDelivery of Books Act Divisiong1595.00l0oVIS 591.5pEN-127989r2025-04-02 00:00:00t1v1595.00w2025-04-02yEN